| 000 | 00894nam a22002177a 4500 | ||
|---|---|---|---|
| 999 |
_c1926 _d1926 |
||
| 003 | AR-CdUCM | ||
| 008 | 190228b ||||| |||| 00| 0 spa d | ||
| 040 |
_aMUNICIPALIDAD PROVINCIAL DEL CUSCO _cBIBLIOTECA MUNICIPAL DEL CUSCO |
||
| 082 |
_a375.51 / _bP43 |
||
| 100 |
_aPeñalosa Ramella, Walter _97038 |
||
| 245 |
_aLa Cantuta : _bUna Experiencia en Educación / |
||
| 260 |
_aLima : _bCONCYTEC, _c1989. |
||
| 300 |
_a422 paginas ; _c20 cm. |
||
| 505 | _aEl instituto pedagógico nacional de varones : composición de lugar -- La transformación del instituto pedagógico -- El interregno -- La formación de los maestros y el curriculum integral... | ||
| 650 |
_aDirector y plana Docente _97039 |
||
| 650 |
_aEstudiantes _91674 |
||
| 650 |
_aColegios, Instituto pedagógico _97040 |
||
| 650 |
_aEdificaciones y campos recreativos _97041 |
||
| 942 |
_2ddc _cLIBROS |
||
| 945 |
_awnts _d2019-02-28 |
||